<?xml version="1.0" encoding="UTF-8"?>
<record
    xmlns:xsi="http://www.w3.org/2001/XMLSchema-instance"
    xsi:schemaLocation="http://www.loc.gov/MARC21/slim http://www.loc.gov/standards/marcxml/schema/MARC21slim.xsd"
    xmlns="http://www.loc.gov/MARC21/slim">

  <leader>00933nam1a22002411i 4500</leader>
  <controlfield tag="001">rc\173348</controlfield>
  <controlfield tag="005">20240723212425.0</controlfield>
  <datafield tag="035" ind1=" " ind2=" ">
    <subfield code="a">(NLR Aleph) 005617002</subfield>
  </datafield>
  <datafield tag="090" ind1=" " ind2=" ">
    <subfield code="a">6463178</subfield>
    <subfield code="c">6463178</subfield>
  </datafield>
  <datafield tag="100" ind1=" " ind2=" ">
    <subfield code="a">20030307d1992    u  |0rusy50      ca</subfield>
  </datafield>
  <datafield tag="101" ind1="0" ind2=" ">
    <subfield code="a">rus</subfield>
  </datafield>
  <datafield tag="102" ind1=" " ind2=" ">
    <subfield code="a">RU</subfield>
  </datafield>
  <datafield tag="105" ind1=" " ind2=" ">
    <subfield code="a">y   |||||||||</subfield>
  </datafield>
  <datafield tag="200" ind1="1" ind2=" ">
    <subfield code="a">&#x41E;&#x422;&#x41A;&#x420;&#x42B;&#x422;&#x410;&#x42F; &#x432;&#x43D;&#x435;&#x448;&#x43D;&#x435;&#x44D;&#x43A;&#x43E;&#x43D;&#x43E;&#x43C;&#x438;&#x447;&#x435;&#x441;&#x43A;&#x430;&#x44F; &#x43F;&#x43E;&#x43B;&#x438;&#x442;&#x438;&#x43A;&#x430; &#x41A;&#x41D;&#x420;</subfield>
    <subfield code="e">&#x42D;&#x43A;&#x43E;&#x43D;.-&#x441;&#x442;&#x430;&#x442;. &#x441;&#x43F;&#x440;&#x430;&#x432;.</subfield>
    <subfield code="f">[&#x41E;&#x442;&#x432;. &#x440;&#x435;&#x434;. &#x434;. &#x44D;. &#x43D;. &#x421;.&#x410;. &#x41C;&#x430;&#x43D;&#x435;&#x436;&#x435;&#x432;]</subfield>
  </datafield>
  <datafield tag="210" ind1=" " ind2=" ">
    <subfield code="a">&#x41C;.</subfield>
    <subfield code="c">&#x418;&#x43D;-&#x442; &#x414;&#x430;&#x43B;. &#x432;&#x43E;&#x441;&#x442;&#x43E;&#x43A;&#x430;</subfield>
    <subfield code="d">1992</subfield>
  </datafield>
  <datafield tag="215" ind1=" " ind2=" ">
    <subfield code="d">13</subfield>
  </datafield>
  <datafield tag="225" ind1="1" ind2=" ">
    <subfield code="a">&#x418;&#x43D;&#x444;&#x43E;&#x440;&#x43C;&#x430;&#x446;&#x438;&#x43E;&#x43D;&#x43D;&#x44B;&#x439; &#x431;&#x44E;&#x43B;&#x43B;&#x435;&#x442;&#x435;&#x43D;&#x44C;</subfield>
    <subfield code="f">&#x420;&#x43E;&#x441;. &#x430;&#x43A;&#x430;&#x434;. &#x43D;&#x430;&#x443;&#x43A;. &#x418;&#x43D;-&#x442; &#x414;&#x430;&#x43B;. &#x412;&#x43E;&#x441;&#x442;&#x43E;&#x43A;&#x430;</subfield>
    <subfield code="v">&#x2116; 8</subfield>
  </datafield>
  <datafield tag="320" ind1=" " ind2=" ">
    <subfield code="a">&#x411;&#x438;&#x431;&#x43B;&#x438;&#x43E;&#x433;&#x440;. &#x432; &#x43F;&#x43E;&#x434;&#x441;&#x442;&#x440;&#x43E;&#x447;. &#x43F;&#x440;&#x438;&#x43C;&#x435;&#x447;.</subfield>
  </datafield>
  <datafield tag="702" ind1=" " ind2="1">
    <subfield code="a">&#x41C;&#x430;&#x43D;&#x435;&#x436;&#x435;&#x432;</subfield>
    <subfield code="b">&#x421;.&#x410;.</subfield>
    <subfield code="g">&#x421;&#x435;&#x440;&#x433;&#x435;&#x439; &#x410;&#x43B;&#x435;&#x43A;&#x441;&#x430;&#x43D;&#x434;&#x440;&#x43E;&#x432;&#x438;&#x447;</subfield>
    <subfield code="4">340</subfield>
  </datafield>
  <datafield tag="801" ind1=" " ind2="0">
    <subfield code="a">RU</subfield>
    <subfield code="b">NLR</subfield>
    <subfield code="g">psbo</subfield>
  </datafield>
  <datafield tag="801" ind1=" " ind2="1">
    <subfield code="a">RU</subfield>
    <subfield code="b">ELAR</subfield>
    <subfield code="2">rusmarc</subfield>
  </datafield>
  <datafield tag="852" ind1=" " ind2=" ">
    <subfield code="a">NLR</subfield>
    <subfield code="j">&#x41F;22/4353</subfield>
  </datafield>
  <datafield tag="942" ind1=" " ind2=" ">
    <subfield code="c">BOOK</subfield>
  </datafield>
</record>
